[Event "4NCL/Div1/BAR2 vs. SLOS1"]
[Site "Birmingham ENG"]
[Date "2007.11.11"]
[Round "4.3"]
[White "Lewis, Andrew P"]
[Black "Williams, Samuel G"]
[Result "1-0"]
[WhiteElo "2296"]
[BlackElo "2267"]
[PlyCount "125"]
[EventDate "2007.11.11"]
[EventType "team"]
[EventCountry "ENG"]
[SourceDate "2007.09.15"]

1. Nf3 Nf6 2. c4 g6 3. Nc3 d5 4. cxd5 Nxd5 5. e4 Nxc3 6. dxc3 Qxd1+ 7. Kxd1 Bg7
8. Bf4 c6 9. Kc2 Nd7 10. a4 O-O 11. a5 Nc5 12. Nd2 f5 13. Be3 Nxe4 14. Bc4+ Kh8
15. Nxe4 fxe4 16. h3 Be5 17. g4 h6 18. Rhd1 Bd6 19. Rd4 Rf3 20. Rxe4 Rxh3 21.
Rd1 h5 22. Be6 Rh4 23. Bxc8 Rxc8 24. Bxa7 c5 25. Kb3 Rxg4 26. Rxg4 hxg4 27. Rg1
Kg7 28. Rxg4 Kf6 29. Kc4 Kf5 30. Rg1 g5 31. Kb5 Kf4 32. Kb6 Rc7 33. Rd1 Rd7 34.
Kb5 Rc7 35. Rd5 g4 36. Bb6 Rc8 37. b4 cxb4 38. cxb4 Rc2 39. Rd4+ Kf3 40. Rc4
Rb2 41. Bd4 Rb1 42. Bb6 e5 43. Rc3+ Kf4 44. Rc4+ e4 45. Bc7 Rxb4+ 46. Rxb4 Bxc7
47. Rb3 Bd8 48. Ka4 Bh4 49. Rxb7 Bxf2 50. Rf7+ Kg3 51. a6 Bd4 52. Kb3 Kh2 53.
Kc4 Bb6 54. Rb7 Bf2 55. Rb2 Kg1 56. Rxf2 Kxf2 57. a7 g3 58. a8=Q g2 59. Qf8+
Ke2 60. Qg7 Kf1 61. Qf6+ Ke2 62. Qg5 Kf2 63. Qf4+ 1-0

[Event "4NCL/Div1/BAR2 vs. SLOS1"]
[Site "Birmingham ENG"]
[Date "2007.11.11"]
[Round "4.4"]
[White "Muter, Donny"]
[Black "Pritchett, Craig W"]
[Result "1-0"]
[WhiteElo "2212"]
[BlackElo "2316"]
[PlyCount "93"]
[EventDate "2007.11.11"]
[EventType "team"]
[EventCountry "ENG"]
[SourceDate "2007.09.15"]

1. d4 Nf6 2. Nf3 e6 3. Bg5 h6 4. Bxf6 Qxf6 5. e4 g5 6. e5 Qe7 7. Nc3 d5 8. exd6
cxd6 9. Bb5+ Bd7 10. Qd3 Bxb5 11. Qxb5+ Qd7 12. Qd3 Nc6 13. d5 Ne5 14. Nxe5
dxe5 15. dxe6 Qxd3 16. exf7+ Kxf7 17. cxd3 Bc5 18. Ke2 Ke6 19. Rac1 Rac8 20.
Rc2 Bb6 21. Rhc1 Rh7 22. Ne4 Rxc2+ 23. Rxc2 Rc7 24. Rc4 Rxc4 25. dxc4 Bd4 26.
b3 b6 27. Kf3 Kf5 28. Nd6+ Ke6 29. Nb5 e4+ 30. Kxe4 Bxf2 31. Nxa7 Bg1 32. h3
Kd6 33. Nb5+ Kc5 34. a3 h5 35. Kd3 g4 36. b4+ Kc6 37. hxg4 hxg4 38. Ke4 Bf2 39.
Kf4 g3 40. Ke4 Kb7 41. Kd5 Be3 42. c5 bxc5 43. bxc5 Bf4 44. c6+ Kb6 45. c7 Kb7
46. a4 Bd2 47. Kd6 1-0

[Event "4NCL/Div1/BAR2 vs. SLOS1"]
[Site "Birmingham ENG"]
[Date "2007.11.11"]
[Round "4.5"]
[White "Eggleston, David J"]
[Black "Van Weersal, Arlette"]
[Result "1-0"]
[WhiteElo "2341"]
[BlackElo "2174"]
[PlyCount "77"]
[EventDate "2007.11.11"]
[EventType "team"]
[EventCountry "ENG"]
[SourceDate "2007.09.15"]

1. e4 e5 2. Nf3 Nc6 3. Bc4 Nf6 4. d4 exd4 5. e5 d5 6. Bb5 Ne4 7. Nxd4 Bd7 8.
Bxc6 bxc6 9. O-O Bc5 10. f3 Ng5 11. f4 Ne4 12. Be3 Bb6 13. Nd2 Nxd2 14. Qxd2 c5
15. Nf3 Bc6 16. f5 d4 17. Bg5 Qd5 18. Bh4 h6 19. Qf4 Qe4 20. Qg3 g5 21. fxg6
Qxg6 22. e6 Qxg3 23. exf7+ Kxf7 24. Ne5+ Kg8 25. hxg3 Bb5 26. Rf4 h5 27. a4 Re8
28. Rf5 d3 29. axb5 c4+ 30. Kh2 dxc2 31. Rc1 Bd4 32. Nf3 Bxb2 33. Rxc2 Ba3 34.
Rxc4 Bd6 35. Bf6 Rh6 36. Be5 Be7 37. Rxc7 a6 38. bxa6 Rxa6 39. Rxh5 1-0

[Event "4NCL/Div1/BAR2 vs. SLOS1"]
[Site "Birmingham ENG"]
[Date "2007.11.11"]
[Round "4.6"]
[White "Kahar, Krunal"]
[Black "Taylor, Martin R"]
[Result "1-0"]
[WhiteElo "2197"]
[BlackElo "2337"]
[PlyCount "87"]
[EventDate "2007.11.11"]
[EventType "team"]
[EventCountry "ENG"]
[SourceDate "2007.09.15"]

1. d4 d5 2. c4 e6 3. Nc3 Nf6 4. Nf3 c6 5. Bg5 Nbd7 6. e3 Qa5 7. Bxf6 Nxf6 8.
Bd3 Bb4 9. Qb3 c5 10. O-O cxd4 11. exd4 dxc4 12. Bxc4 O-O 13. a3 Bd6 14. Rfe1
a6 15. a4 Qb4 16. d5 exd5 17. Nxd5 Nxd5 18. Bxd5 Qxb3 19. Bxb3 Bf5 20. Bd5 Rab8
21. Ne5 b6 22. h3 Rbd8 23. Bc4 a5 24. Rad1 Bxe5 25. Rxd8 Rxd8 26. Rxe5 Bg6 27.
Rb5 Rd1+ 28. Kh2 Rd6 29. b4 axb4 30. a5 Be4 31. axb6 Bb7 32. Rxb4 Rg6 33. f3 h5
34. Bd3 Rd6 35. Be4 Rd7 36. Kg3 Kf8 37. Kf4 Ke7 38. Bxb7 Rxb7 39. Ke5 g6 40.
Kd5 Kd7 41. Kc5 Kc8 42. Kc6 f5 43. Ra4 Kb8 44. Rd4 1-0

[Event "4NCL/Div1/BAR2 vs. SLOS1"]
[Site "Birmingham ENG"]
[Date "2007.11.11"]
[Round "4.7"]
[White "Taylor, Peter"]
[Black "Kafka, Graeme"]
[Result "1/2-1/2"]
[WhiteElo "2206"]
[BlackElo "2103"]
[PlyCount "52"]
[EventDate "2007.11.11"]
[EventType "team"]
[EventCountry "ENG"]
[SourceDate "2007.09.15"]

1. Nf3 d5 2. d4 Nf6 3. c4 c6 4. Nc3 dxc4 5. a4 Bf5 6. Ne5 Nbd7 7. Nxc4 Nb6 8.
Ne5 a5 9. f3 Nfd7 10. Nxd7 Nxd7 11. e4 Bg6 12. Be3 Qb6 13. Qd2 e5 14. dxe5 Bc5
15. Bxc5 Qxc5 16. Qd6 Qxe5 17. Qxe5+ Nxe5 18. f4 Nd7 19. Rd1 O-O-O 20. Be2 f6
21. Kf2 Nc5 22. Kf3 Rhe8 23. Rxd8+ Kxd8 24. Rd1+ Kc7 25. Rd4 Nb3 26. Rd1 Nc5
1/2-1/2

[Event "4NCL/Div1/GUI1 vs. SLOS1"]
[Site "Wokefield Park ENG"]
[Date "2008.01.13"]
[Round "6.1"]
[White "Conquest, Stuart C"]
[Black "Rudolf, Anna"]
[Result "1/2-1/2"]
[WhiteElo "2539"]
[BlackElo "2242"]
[PlyCount "59"]
[EventDate "2008.01.13"]
[EventCountry "ENG"]
[SourceDate "2007.09.15"]

1. d4 e6 2. Nf3 Nf6 3. c4 d5 4. Bg5 Bb4+ 5. Nc3 dxc4 6. a3 Bxc3+ 7. bxc3 Qd5 8.
Bxf6 gxf6 9. g3 Bd7 10. Bg2 Bc6 11. O-O f5 12. Rb1 Nd7 13. Nh4 Qd6 14. d5 exd5
15. Nxf5 Qf6 16. Nd4 Nb6 17. e4 O-O-O 18. Qh5 Qg6 19. Qh4 dxe4 20. Nxc6 Qxc6
21. Bxe4 Qa4 22. Qf4 Kb8 23. Qf3 c6 24. Rb4 Qxa3 25. Rfb1 Rd7 26. Kg2 Qa2 27.
R1b2 Qa3 28. Rb1 Qa2 29. R1b2 Qa3 30. Rb1 1/2-1/2

[Event "4NCL/Div1/GUI1 vs. SLOS1"]
[Site "Wokefield Park ENG"]
[Date "2008.01.13"]
[Round "6.2"]
[White "Williams, Samuel G"]
[Black "Pert, Nicholas"]
[Result "0-1"]
[WhiteElo "2257"]
[BlackElo "2528"]
[PlyCount "54"]
[EventDate "2008.01.13"]
[EventCountry "ENG"]
[SourceDate "2007.09.15"]

1. d4 d5 2. c4 c6 3. Nf3 Nf6 4. Nc3 dxc4 5. a4 Bf5 6. Ne5 Nbd7 7. Nxc4 Nb6 8.
Ne5 a5 9. f3 Nfd7 10. Nxd7 Nxd7 11. e4 Bg6 12. f4 e6 13. Bd3 Nf6 14. Be3 Bb4
15. Qc2 O-O 16. h3 Qe7 17. g4 c5 18. O-O-O Bxc3 19. bxc3 c4 20. Bxc4 Bxe4 21.
Bd3 Bxh1 22. Rxh1 Rac8 23. Bd2 Nd5 24. Qb2 Rxc3+ 25. Bxc3 Rc8 26. Kd2 Rxc3 27.
Be4 Rg3 0-1

[Event "4NCL/Div1/GUI1 vs. SLOS1"]
[Site "Wokefield Park ENG"]
[Date "2008.01.13"]
[Round "6.4"]
[White "Roberson, Peter T"]
[Black "Flear, Glenn C"]
[Result "0-1"]
[WhiteElo "2220"]
[BlackElo "2493"]
[PlyCount "106"]
[EventDate "2008.01.13"]
[EventCountry "ENG"]
[SourceDate "2007.09.15"]

1. e4 e5 2. Nf3 Nc6 3. Bb5 a6 4. Bxc6 dxc6 5. O-O Be7 6. Nxe5 Qd4 7. Qh5 Be6 8.
d3 Nf6 9. Nf3 Qxf2+ 10. Rxf2 Nxh5 11. Be3 Nf6 12. h3 O-O 13. Nd4 Bc5 14. Nf5
Bxe3 15. Nxe3 c5 16. Nc3 Rad8 17. g4 Nd7 18. Ncd5 c6 19. Nf4 Ne5 20. Rd1 Rfe8
21. Nf5 Bxf5 22. exf5 c4 23. d4 Nd7 24. Re2 Nf6 25. Rde1 Rxe2 26. Nxe2 h5 27.
g5 Ne4 28. h4 Nd2 29. Kf2 Re8 30. Rd1 Ne4+ 31. Kf3 Nd6 32. Ng3 g6 33. f6 Kf8
34. Rd2 Re1 35. Re2 Rxe2 36. Kxe2 Ke8 37. Kf3 Kd7 38. c3 b5 39. Kf4 Ke6 40. Kf3
Nf5 41. Ne4 Nxh4+ 42. Kf4 a5 43. Nc5+ Kd6 44. Ne4+ Kd5 45. Nc5 Nf5 46. Nd7 Nd6
47. a3 Nb7 48. Nb6+ Kd6 49. a4 Nd8 50. Nc8+ Kd7 51. Ne7 Ne6+ 52. Ke5 h4 53.
axb5 cxb5 0-1

[Event "4NCL/Div1/GUI1 vs. SLOS1"]
[Site "Wokefield Park ENG"]
[Date "2008.01.13"]
[Round "6.5"]
[White "Cornette, Matthieu"]
[Black "Kawuma, Stephen"]
[Result "1-0"]
[WhiteElo "2491"]
[BlackElo "2166"]
[PlyCount "89"]
[EventDate "2008.01.13"]
[EventCountry "ENG"]
[SourceDate "2007.09.15"]

1. e4 c5 2. Nf3 Nc6 3. Bb5 d6 4. O-O Bd7 5. Re1 Nf6 6. c3 a6 7. Bf1 Bg4 8. d4
cxd4 9. cxd4 Bxf3 10. gxf3 e5 11. d5 Nd4 12. Be3 Nd7 13. Bxd4 exd4 14. Qxd4 Ne5
15. Qe3 g5 16. Nd2 Qf6 17. Bg2 h5 18. Qc3 Bh6 19. Nc4 g4 20. Nxe5 dxe5 21. Rad1
Bf4 22. d6 Kf8 23. d7 Kg7 24. fxg4 hxg4 25. h3 Qg5 26. hxg4 Qxg4 27. Qf3 Qg5
28. Rd3 Rad8 29. Kf1 Rh6 30. Red1 Rc6 31. Rc3 Rxc3 32. bxc3 Qg6 33. Bh3 Kf8 34.
Bf5 Qc6 35. Qh3 Qh6 36. Qf3 Qc6 37. Qg4 Qc4+ 38. Kg2 Qc7 39. Qh4 Kg7 40. c4 Qb6
41. c5 Qa5 42. Qh7+ Kf8 43. Qh8+ Ke7 44. Qh4+ Kf8 45. Qf6 1-0

[Event "4NCL/Div1/GUI1 vs. SLOS1"]
[Site "Wokefield Park ENG"]
[Date "2008.01.13"]
[Round "6.6"]
[White "Cox, Tristan"]
[Black "Plaskett, James"]
[Result "0-1"]
[WhiteElo "2151"]
[BlackElo "2490"]
[PlyCount "68"]
[EventDate "2008.01.13"]
[EventCountry "ENG"]
[SourceDate "2007.09.15"]

1. Nf3 Nf6 2. c4 c5 3. Nc3 Nc6 4. g3 e6 5. Bg2 d5 6. cxd5 Nxd5 7. O-O Be7 8. d4
O-O 9. e4 Nb6 10. dxc5 Bxc5 11. e5 Nd5 12. Nxd5 exd5 13. Qd3 h6 14. h4 Bg4 15.
Bf4 Rc8 16. Rac1 Bb6 17. Nh2 Be6 18. Rfd1 Qd7 19. a3 Nd4 20. Be3 Bf5 21. Qf1
Rxc1 22. Bxc1 Bc2 23. Rd2 Rc8 24. b4 Be4 25. Bb2 Nb3 26. Rd1 Bxg2 27. Qxg2 Rc2
28. Rxd5 Qf5 29. e6 Qxe6 30. Re5 Qc4 31. Re4 Bxf2+ 32. Kh1 Qd3 33. Ng4 Bd4 34.
Re8+ Kh7 0-1

[Event "4NCL/Div1/GUI1 vs. SLOS1"]
[Site "Wokefield Park ENG"]
[Date "2008.01.13"]
[Round "6.7"]
[White "Shaw, John K"]
[Black "Pafura, Godfrey"]
[Result "1-0"]
[WhiteElo "2458"]
[BlackElo "2104"]
[PlyCount "115"]
[EventDate "2008.01.13"]
[EventCountry "ENG"]
[SourceDate "2007.09.15"]

1. e4 c6 2. d4 d5 3. Nd2 dxe4 4. Nxe4 Bf5 5. Ng3 Bg6 6. h4 h6 7. Nf3 Nd7 8. h5
Bh7 9. Bd3 Bxd3 10. Qxd3 Ngf6 11. Bf4 e6 12. O-O-O Qa5 13. Kb1 O-O-O 14. c4 Nc5
15. Qc2 Na6 16. Ne5 Bd6 17. f3 Bxe5 18. Bxe5 Nd7 19. Bf4 Nf6 20. a3 Rd7 21. Be5
Rhd8 22. Ne2 Ne8 23. g4 f6 24. Bg3 c5 25. Bf2 Nec7 26. Rd3 cxd4 27. Rxd4 Rxd4
28. Nxd4 Qe5 29. Re1 Qd6 30. Rc1 Rd7 31. Qh7 Nc5 32. Nb5 Qd3+ 33. Qxd3 Nxd3 34.
Nxa7+ Kd8 35. Rc2 Nxf2 36. Rxf2 Rd3 37. Kc2 Re3 38. Rd2+ Ke8 39. Rd3 Re2+ 40.
Kc3 e5 41. Nc8 Ne6 42. Nd6+ Ke7 43. Nf5+ Ke8 44. Rd2 Re1 45. Rd6 Nd4 46. Nxd4
Re3+ 47. Kb4 exd4 48. Rxd4 Rxf3 49. c5 f5 50. gxf5 Rxf5 51. Rh4 Kd8 52. Kb5 Kc7
53. Rg4 Rf7 54. Rg6 Rf5 55. Rxg7+ Kc8 56. Rh7 Rxh5 57. Kb6 Rh2 58. b4 1-0

[Event "4NCL/Div1/GUI1 vs. SLOS1"]
[Site "Wokefield Park ENG"]
[Date "2008.01.13"]
[Round "6.8"]
[White "de Coverly, Roger"]
[Black "Lalic, Susan"]
[Result "0-1"]
[WhiteElo "2092"]
[BlackElo "2334"]
[PlyCount "66"]
[EventDate "2008.01.13"]
[EventCountry "ENG"]
[SourceDate "2007.09.15"]

1. Nf3 Nf6 2. g3 d5 3. Bg2 c6 4. c4 Bg4 5. O-O e6 6. b3 Nbd7 7. Bb2 Bd6 8. d4
O-O 9. Nbd2 Qc7 10. a3 Rfe8 11. b4 Bxf3 12. Nxf3 dxc4 13. Qc2 b5 14. e4 e5 15.
Rad1 a5 16. dxe5 Nxe5 17. Bxe5 Bxe5 18. Nxe5 Qxe5 19. f4 Qe7 20. e5 Nd5 21.
Bxd5 cxd5 22. Rxd5 axb4 23. axb4 Qxb4 24. Rb1 Qa4 25. Qb2 Qa7+ 26. Kf1 Rac8 27.
Rxb5 c3 28. Qf2 Qa6 29. Qe2 Red8 30. R5b3 Qc6 31. e6 Qh1+ 32. Kf2 Qxh2+ 33. Kf1
Qh3+ 0-1

[Event "4NCL/Div1/NWE1 vs. BET"]
[Site "Wokefield Park ENG"]
[Date "2008.01.13"]
[Round "6.1"]
[White "Hennigan, Michael T"]
[Black "Hunt, Adam C"]
[Result "1/2-1/2"]
[WhiteElo "2378"]
[BlackElo "2466"]
[PlyCount "84"]
[EventDate "2008.01.13"]
[EventCountry "ENG"]
[SourceDate "2007.09.15"]

1. g3 d5 2. Bg2 Nf6 3. d3 g6 4. Nf3 Bg7 5. O-O O-O 6. h3 Nc6 7. Nbd2 e5 8. e4
h6 9. Re1 Re8 10. c3 a5 11. a4 dxe4 12. dxe4 Be6 13. Qe2 Nd7 14. Nc4 Nc5 15.
Nfd2 Qd7 16. Kh2 Nd3 17. Rf1 Rad8 18. b3 Bf8 19. Ba3 Bxa3 20. Rxa3 Nb2 21. Ra2
Nxc4 22. Nxc4 Qd3 23. Rc1 Bxc4 24. bxc4 Qxe2 25. Rxe2 b6 26. Rb1 Rd3 27. Rc2
Red8 28. c5 bxc5 29. Rb5 R8d6 30. Bf1 Rd1 31. Bc4 Ra1 32. Rxc5 Kg7 33. Bb5 Nd8
34. Rxc7 Ne6 35. Ra7 Ng5 36. h4 Nf3+ 37. Kh3 Rf6 38. Rxa5 Rh1+ 39. Kg2 Rg1+ 40.
Kh3 Ne1 41. Kh2 Nf3+ 42. Kh3 Rh1+ 1/2-1/2

[Event "4NCL/Div1/NWE1 vs. BET"]
[Site "Wokefield Park ENG"]
[Date "2008.01.13"]
[Round "6.3"]
[White "Carleton, John J"]
[Black "Hunt, Harriet"]
[Result "1/2-1/2"]
[WhiteElo "2304"]
[BlackElo "2457"]
[PlyCount "81"]
[EventDate "2008.01.13"]
[EventCountry "ENG"]
[SourceDate "2007.09.15"]

1. d4 Nf6 2. c4 e6 3. Nc3 Bb4 4. Qc2 O-O 5. e4 d5 6. e5 Ne4 7. a3 Bxc3+ 8. bxc3
c5 9. Bd3 Nc6 10. Ne2 cxd4 11. cxd4 Qa5+ 12. Kf1 Nb4 13. axb4 Qxa1 14. f3 f5
15. Qb1 Qxb1 16. Bxb1 a5 17. bxa5 Rxa5 18. fxe4 fxe4+ 19. Ke1 dxc4 20. Bg5 b5
21. Be7 Rf7 22. Bc5 e3 23. Nc3 Bb7 24. Rf1 Bxg2 25. Rxf7 Kxf7 26. Ke2 h5 27.
Kxe3 Ra1 28. Kf4 Bf1 29. Be4 Bd3 30. Bc6 Rf1+ 31. Kg3 g5 32. d5 exd5 33. Bxd5+
Kg6 34. e6 Bf5 35. Nxb5 Re1 36. e7 Bd7 37. Bxc4 h4+ 38. Kf2 Re5 39. Bd3+ Kh5
40. Bd6 Rxb5 41. Bxb5 1/2-1/2

[Event "4NCL/Div1/NWE1 vs. BET"]
[Site "Wokefield Park ENG"]
[Date "2008.01.13"]
[Round "6.5"]
[White "Tebb, David J"]
[Black "Pert, Richard G"]
[Result "0-1"]
[WhiteElo "2209"]
[BlackElo "2461"]
[PlyCount "120"]
[EventDate "2008.01.13"]
[EventCountry "ENG"]
[SourceDate "2007.09.15"]

1. e4 c5 2. Nf3 Nc6 3. d4 cxd4 4. Nxd4 g6 5. c4 Bg7 6. Be3 Nf6 7. Nc3 O-O 8.
Be2 d6 9. O-O Bd7 10. Qd2 Nxd4 11. Bxd4 Bc6 12. f3 a5 13. b3 Nd7 14. Be3 Nc5
15. Rab1 e6 16. Rfd1 Be5 17. Bh6 Re8 18. f4 Bh8 19. Qe3 Qb6 20. Kh1 Qb4 21. e5
dxe5 22. fxe5 Rad8 23. Bg5 Rxd1+ 24. Rxd1 Nd7 25. Bf4 Qc5 26. Qxc5 Nxc5 27. Bf3
Bxf3 28. gxf3 h6 29. Be3 Bxe5 30. Bxc5 Bxc3 31. Rd7 e5 32. Rxb7 e4 33. fxe4
Rxe4 34. Re7 Rxe7 35. Bxe7 f5 36. Kg2 Kf7 37. Bd8 Ke6 38. Bc7 g5 39. h3 h5 40.
Kf3 g4+ 41. hxg4 hxg4+ 42. Ke2 Bb4 43. Ke3 Bc5+ 44. Ke2 Bb4 45. Ke3 Kd7 46. Bb6
Kc6 47. Bd8 Bc5+ 48. Kf4 Bd6+ 49. Ke3 f4+ 50. Ke2 Bc5 51. Bh4 Kd6 52. Be1 f3+
53. Kf1 Ke6 54. a3 Bxa3 55. Bxa5 g3 56. Bb6 Kd6 57. Bf2 g2+ 58. Kg1 Bc5 59.
Bxc5+ Kxc5 60. Kf2 Kd4 0-1

[Event "4NCL/Div1/NWE1 vs. BET"]
[Site "Wokefield Park ENG"]
[Date "2008.01.13"]
[Round "6.6"]
[White "Ledger, David J"]
[Black "Lyell, Mark"]
[Result "1-0"]
[WhiteElo "2277"]
[BlackElo "2221"]
[PlyCount "79"]
[EventDate "2008.01.13"]
[EventCountry "ENG"]
[SourceDate "2007.09.15"]

1. e4 e5 2. Bc4 Nf6 3. d3 Nc6 4. Nf3 d5 5. exd5 Nxd5 6. O-O Bc5 7. Re1 O-O 8.
Nbd2 Bg4 9. h3 Bh5 10. Ne4 Be7 11. Ng3 Bxf3 12. Qxf3 Ndb4 13. Qd1 Na5 14. Bb5
a6 15. Ba4 b5 16. Bb3 Nxb3 17. axb3 f5 18. Rxe5 Bd6 19. Rxf5 Bxg3 20. Rxf8+
Qxf8 21. fxg3 Qc5+ 22. d4 Qxc2 23. Qg4 Qxb3 24. Bf4 Re8 25. Be5 Qf7 26. Rf1 Qe7
27. Rc1 c6 28. Rc3 a5 29. Kh2 Rd8 30. h4 Qd7 31. Qg5 Re8 32. g4 Qe7 33. Qh5 Qe6
34. Qf5 Nd5 35. Qg5 Qe7 36. Rxc6 Qxg5 37. hxg5 Rd8 38. Ra6 a4 39. Ra7 g6 40.
Rg7+ {time} 1-0

[Event "4NCL/Div1/NWE1 vs. BET"]
[Site "Wokefield Park ENG"]
[Date "2008.01.13"]
[Round "6.7"]
[White "Hulmes, David I"]
[Black "Webb, Laurence E"]
[Result "1/2-1/2"]
[WhiteElo "2220"]
[BlackElo "2304"]
[PlyCount "181"]
[EventDate "2008.01.13"]
[EventCountry "ENG"]
[SourceDate "2007.09.15"]

1. e4 e5 2. Nf3 Nc6 3. Bb5 a6 4. Ba4 Nf6 5. O-O b5 6. Bb3 Bc5 7. c3 d6 8. d4
Bb6 9. Qd3 O-O 10. Bg5 h6 11. Be3 Na5 12. Bc2 Bb7 13. Nbd2 Ng4 14. b4 Nc6 15.
a3 Nxe3 16. fxe3 Ne7 17. Nh4 c5 18. Nf5 cxd4 19. exd4 Rc8 20. Kh1 Nxf5 21. exf5
Qg5 22. d5 Qe3 23. Rf3 Qxd3 24. Rxd3 Bd4 25. cxd4 e4 26. Nxe4 Rxc2 27. Rg3 Kh7
28. h3 Bxd5 29. Re1 Rd8 30. Kh2 Kh8 31. f6 g6 32. Rge3 Kh7 33. R1e2 Rxe2 34.
Rxe2 g5 35. Nc3 Bc4 36. Re7 Kg6 37. Ra7 Re8 38. Re7 Rc8 39. Ne4 Bd5 40. Nxd6
Rc2 41. Ne4 Re2 42. Nc5 Rxg2+ 43. Kh1 Ra2+ 44. Kg1 Rxa3 45. Rd7 Bc4 46. Rd6
Rxh3 47. Rxa6 h5 48. Nd7 Rc3 49. Rc6 Rc1+ 50. Kf2 Kf5 51. Ne5 Rc2+ 52. Ke1 Bb3
53. Rb6 Ke4 54. Rxb5 Ke3 55. Rc5 Rb2 56. Kf1 Ke4 57. Nc6 Kf4 58. Ne5 Rb1+ 59.
Ke2 Be6 60. Nd3+ Ke4 61. Re5+ Kxd4 62. Rxe6 Ra1 63. Rd6+ Ke4 64. Rd7 g4 65.
Nf2+ Kf4 66. Rxf7 Ra2+ 67. Kf1 Ra1+ 68. Kg2 h4 69. Nxg4 Kxg4 70. Rg7+ Kh5 71.
f7 h3+ 72. Kxh3 Rf1 73. Kg2 Rf6 74. b5 Kh6 75. Rg3 Rxf7 76. Rb3 Kg5 77. Rg3+
Kh6 78. Rc3 Kg5 79. Rg3+ Kh6 80. Rf3 Rb7 81. Rf5 Kg6 82. Rd5 Rf7 83. Rc5 Rf4
84. Kg3 Rb4 85. Kf3 Kf6 86. Ke3 Ke6 87. Kd3 Kd6 88. Rh5 Kc7 89. Kc3 Rg4 90. Rh6
Kb7 91. Kb3 1/2-1/2

[Event "4NCL/Div1/NWE1 vs. BET"]
[Site "Wokefield Park ENG"]
[Date "2008.01.13"]
[Round "6.8"]
[White "Duncan, Christopher R"]
[Black "Grigoryan-Lyell, Meri"]
[Result "1-0"]
[WhiteElo "2293"]
[BlackElo "2036"]
[PlyCount "63"]
[EventDate "2008.01.13"]
[EventCountry "ENG"]
[SourceDate "2007.09.15"]

1. c4 e6 2. Nc3 d5 3. d4 c6 4. Nf3 dxc4 5. e4 b5 6. a4 Bb4 7. Be2 Nf6 8. Qc2
Bb7 9. O-O a6 10. Bg5 h6 11. Bh4 g5 12. Bg3 Nbd7 13. Rad1 Nb6 14. h4 Nh5 15.
Ne5 Ng7 16. b3 cxb3 17. Qxb3 Bxc3 18. Qxc3 Nxa4 19. Qc2 gxh4 20. Bh2 Rc8 21.
Nc4 O-O 22. Nd6 Rc7 23. Qd2 Qf6 24. Bd3 Qg5 25. f4 Qg4 26. Be2 Qg6 27. f5 exf5
28. exf5 Qg5 29. Bf4 Qe7 30. Bd3 Bc8 31. Rde1 Qd8 32. Be5 {etc.} 1-0

[Event "4NCL/Div1/GUI2 vs. HKF1"]
[Site "Wokefield Park ENG"]
[Date "2008.01.13"]
[Round "6.1"]
[White "Hebden, Mark L"]
[Black "Greet, Andrew N"]
[Result "1-0"]
[WhiteElo "2530"]
[BlackElo "2444"]
[PlyCount "75"]
[EventDate "2008.01.13"]
[EventCountry "ENG"]
[SourceDate "2007.09.15"]

1. d4 Nf6 2. Nf3 e6 3. e3 b6 4. Bd3 Bb7 5. O-O d5 6. b3 Bd6 7. Bb2 O-O 8. Ne5
Nbd7 9. Nd2 Ne4 10. Nxd7 Qxd7 11. Nf3 Qe7 12. c4 c5 13. Rc1 cxd4 14. exd4 Ba3
15. Bxa3 Qxa3 16. Qe2 Nf6 17. Ne5 Rac8 18. Qe3 Rfd8 19. Rc2 dxc4 20. bxc4 Qa4
21. Rb1 Rd6 22. a3 Ba6 23. Rd2 Qe8 24. Rbd1 Nd7 25. f4 f6 26. c5 bxc5 27. Bxa6
Rxa6 28. Nxd7 Qxd7 29. dxc5 Qe7 30. f5 Rc7 31. Rd6 Rac6 32. fxe6 h6 33. Qe4 f5
34. Qxf5 Rc8 35. Qd5 R6c7 36. Rd7 Qf6 37. Rxc7 Rxc7 38. e7+ 1-0

[Event "4NCL/Div1/GUI2 vs. HKF1"]
[Site "Wokefield Park ENG"]
[Date "2008.01.13"]
[Round "6.3"]
[White "Cherniaev, Alexander"]
[Black "Broomfield, Matthew"]
[Result "1-0"]
[WhiteElo "2491"]
[BlackElo "2349"]
[PlyCount "73"]
[EventDate "2008.01.13"]
[EventCountry "ENG"]
[SourceDate "2007.09.15"]

1. e4 e6 2. d3 d5 3. Qe2 e5 4. Nf3 Nc6 5. c3 Nf6 6. b4 a6 7. a3 Be7 8. g3 O-O
9. Bg2 Be6 10. O-O dxe4 11. dxe4 Ne8 12. Rd1 Nd6 13. Nbd2 Qc8 14. c4 b5 15.
cxb5 axb5 16. Bb2 f6 17. Rac1 Ra6 18. Rc2 Nb8 19. Rdc1 c6 20. Ne1 Rd8 21. f4
Nd7 22. Nef3 Nc4 23. Nxc4 Bxc4 24. Rxc4 bxc4 25. Qxc4+ Kh8 26. Bf1 Rb6 27. fxe5
fxe5 28. Bxe5 c5 29. b5 Rf8 30. Bf4 Rbf6 31. e5 Rg6 32. Kh1 Qa8 33. Bg2 Qxa3
34. e6 Nb6 35. Qe4 Qb3 36. Re1 Nd5 37. Nd2 1-0

[Event "4NCL/Div1/GUI2 vs. HKF1"]
[Site "Wokefield Park ENG"]
[Date "2008.01.13"]
[Round "6.4"]
[White "Therrien, Alex"]
[Black "Buckley, Graeme"]
[Result "1-0"]
[WhiteElo "2240"]
[BlackElo "2392"]
[PlyCount "123"]
[EventDate "2008.01.13"]
[EventCountry "ENG"]
[SourceDate "2007.09.15"]

1. d4 Nf6 2. c4 e5 3. dxe5 Ng4 4. Nf3 Bc5 5. e3 Nc6 6. Nc3 O-O 7. Be2 Re8 8.
O-O Ncxe5 9. Nxe5 Nxe5 10. b3 a5 11. Bb2 Ra6 12. Ne4 Bf8 13. f4 Ng6 14. Bd3 f5
15. Ng5 h6 16. Bxf5 hxg5 17. Qh5 Qe7 18. Bxg6 Rxg6 19. Qxg6 Qxe3+ 20. Kh1 gxf4
21. Rxf4 Qxf4 22. Qxe8 Kh7 23. Qh5+ Kg8 24. Be5 Qf2 25. Bxc7 b6 26. Qd5+ Kh7
27. Qf3 Qxf3 28. gxf3 Bc5 29. Re1 Bb7 30. Kg2 d5 31. Re6 dxc4 32. bxc4 Bc8 33.
Re8 Ba6 34. Re4 Bb7 35. Re6 Bc8 36. Re8 Ba6 37. Bxb6 Bxb6 38. Re6 Bxc4 39. Rxb6
Bxa2 40. Ra6 Bb1 41. Rxa5 Kh6 42. Kg3 Bc2 43. Kg4 Bb3 44. Ra6+ Kh7 45. Kg5 Bc4
46. Ra7 Bd5 47. f4 Bc6 48. h4 Kg8 49. h5 Kf8 50. Rc7 Bb5 51. f5 Kg8 52. h6
gxh6+ 53. Kxh6 Kf8 54. Kg5 Kg8 55. Kf6 Bd3 56. Rg7+ Kh8 57. Rd7 Bc2 58. Rd2 Ba4
59. Kf7 Bb3+ 60. Kf8 Bg8 61. Rh2+ Bh7 62. Rxh7+ 1-0

[Event "4NCL/Div1/GUI2 vs. HKF1"]
[Site "Wokefield Park ENG"]
[Date "2008.01.13"]
[Round "6.6"]
[White "Briscoe, Christopher"]
[Black "Muir, Andrew J"]
[Result "1/2-1/2"]
[WhiteElo "2268"]
[BlackElo "2358"]
[PlyCount "75"]
[EventDate "2008.01.13"]
[EventCountry "ENG"]
[SourceDate "2007.09.15"]

1. e4 c5 2. Nf3 Nc6 3. Bb5 g6 4. Bxc6 dxc6 5. d3 Bg7 6. h3 Nf6 7. Nc3 O-O 8.
Be3 b6 9. Qd2 e5 10. Bh6 Qd6 11. O-O Nh5 12. Bxg7 Kxg7 13. Ne2 f6 14. Nh2 g5
15. Ng4 Nf4 16. Ng3 Bxg4 17. hxg4 Kh8 18. Nf5 Qd7 19. g3 Ne6 20. Kg2 c4 21.
Rad1 Rad8 22. Qe2 Nd4 23. Nxd4 Qxd4 24. dxc4 Qxb2 25. Qf3 Rd4 26. c3 Rxd1 27.
Rxd1 Rf7 28. Qf5 Qxc3 29. Qe6 Kg7 30. Rh1 Kf8 31. Qxc6 Qd4 32. Qc8+ Kg7 33. Qc6
Rd7 34. Rb1 Rd6 35. Qa8 Rd7 36. Qc6 Rd6 37. Qa8 Rd7 38. Qc6 1/2-1/2

[Event "4NCL/Div1/GUI2 vs. HKF1"]
[Site "Wokefield Park ENG"]
[Date "2008.01.13"]
[Round "6.7"]
[White "Povah, Nigel E"]
[Black "Lindner, Daniel"]
[Result "1/2-1/2"]
[WhiteElo "2334"]
[BlackElo "2237"]
[PlyCount "87"]
[EventDate "2008.01.13"]
[EventCountry "ENG"]
[SourceDate "2007.09.15"]

1. d4 d5 2. Bg5 f6 3. Bf4 Nc6 4. Nf3 e5 5. dxe5 fxe5 6. Nxe5 Qf6 7. Nd3 Bf5 8.
Qc1 h6 9. h4 g6 10. e3 O-O-O 11. c3 Rh7 12. Nd2 Re7 13. Bg3 Bg7 14. Nf3 d4 15.
cxd4 Nxd4 16. Nxd4 Rxd4 17. Qc2 Qa6 18. Rd1 Qxa2 19. Be2 Rc4 20. Qd2 Rd7 21.
O-O Qb3 22. e4 Rxe4 23. Qa5 Rxe2 24. Nc1 Qxd1 25. Qxa7 Kd8 26. Qb8+ Ke7 27.
Qxg8 Bf8 28. Rxd1 Rxd1+ 29. Kh2 Rxc1 30. Qd5 Bg7 31. Qxb7 Be5 32. Bxe5 Rxe5 33.
Qb4+ Kf7 34. Qf4 Rce1 35. Qxh6 Re7 36. Qh7+ Kf6 37. Qh8+ Kf7 38. Kg3 R1e4 39.
f3 Rc4 40. Qh7+ Kf6 41. Qh8+ Kf7 42. Qh7+ Kf6 43. Qh8+ Kf7 44. Qh7+ 1/2-1/2